| 000 | 00593nam a2200217Ia 4500 | ||
|---|---|---|---|
| 003 | GCL | ||
| 008 | 140319s9999 xx 000 0 eng d | ||
| 040 |
_aGCL / _cGCL |
||
| 082 | 0 | 4 |
_a364.36 _bH M |
| 100 | 1 | _aHOLLIN, CLIVE R. | |
| 245 | 1 | 0 |
_aMANAGING BEHAVIOURAL TREATMENT / _cHOLLIN, CLIVE R. |
| 700 | 1 | _aEPPS, KEVIN J. | |
| 700 | 1 | _aKENDRICK, DAVID J. | |
| 260 |
_a[S.N] : _bROUTLEDGE ، _c1994 |
||
| 300 | _a205 P | ||
| 650 | 0 | 4 | _aBEHAVIOR MODIFICATION |
| 650 | 0 | 4 | _aBEHAVIORAL ASSESSMENT OF TEENAGE |
| 650 | 0 | 4 | _aPROBLEM YOUTH |
| 650 | 0 | 4 | _aJUVENILE DELINQUENTS |
| 942 |
_2ddc _cBK |
||
| 999 |
_c25133 _d25133 |
||